Anticoagulation therapy : (Record no. 23294)
[ view plain ]
| 000 -LEADER | |
|---|---|
| fixed length control field | 00815nam a22002295a 4500 |
| 005 - DATE AND TIME OF LATEST TRANSACTION | |
| control field | 20161123172417.0 |
| 008 - FIXED-LENGTH DATA ELEMENTS--GENERAL INFORMATION | |
| fixed length control field | 161123t2011 mdua frb 001 0 eng d |
| 020 ## - INTERNATIONAL STANDARD BOOK NUMBER | |
| International Standard Book Number | 9781585282401 |
| 040 ## - CATALOGING SOURCE | |
| Original cataloging agency | EG-ScBUE |
| Language of cataloging | eng |
| Transcribing agency | EG-ScBUE |
| Modifying agency | EG-ScBUE |
| 082 04 - DEWEY DECIMAL CLASSIFICATION NUMBER | |
| Edition number | 22 |
| Classification number | 615.718 |
| Item number | DAG |
| 100 1# - MAIN ENTRY--PERSONAL NAME | |
| Personal name | Dager, William E. |
| 245 10 - TITLE STATEMENT | |
| Title | Anticoagulation therapy : |
| Remainder of title | a point-of-care guide / |
| Statement of responsibility, etc | William E. Dager, Michael Gulseth, Edith A. Nutescu. |
| 260 ## - PUBLICATION, DISTRIBUTION, ETC. (IMPRINT) | |
| Place of publication, distribution, etc | Bethesda : |
| Name of publisher, distributor, etc | American Society of Health-System Pharmacists, |
| Date of publication, distribution, etc | c.2011. |
| 300 ## - PHYSICAL DESCRIPTION | |
| Extent | xix, 484 p. : |
| Other physical details | ill. ; |
| Dimensions | 18 cm. |
| 500 ## - GENERAL NOTE | |
| General note | Index : p. 476-484. |
| 504 ## - BIBLIOGRAPHY, ETC. NOTE | |
| Bibliography, etc | Includes bibliographical references. |
| 650 #7 - SUBJECT ADDED ENTRY--TOPICAL TERM | |
| Source of heading or term | BUEsh |
| Topical term or geographic name as entry element | Anticoagulants (Medicine) |
| General subdivision | Therapeutic use. |
| 653 ## - INDEX TERM--UNCONTROLLED | |
| Resource For college | Pharmacy |
| Arrived date list | November2016 |
| 700 1# - ADDED ENTRY--PERSONAL NAME | |
| Personal name | Gulseth, Michael. |
| 700 1# - ADDED ENTRY--PERSONAL NAME | |
| Personal name | Nutescu, Edith A. |
| 942 ## - ADDED ENTRY ELEMENTS (KOHA) | |
| Source of classification or shelving scheme | Dewey Decimal Classification |
| Withdrawn status | Item status | Source of classification or shelving scheme | Damaged status | Not for loan | Vendor | Home library | Current library | Shelving location | Date acquired | Source of acquisition | Cost, normal purchase price | Serial Enumeration / chronology | Total Checkouts | Total Renewals | Full call number | Barcode | Date last seen | Date last borrowed | Cost, replacement price | Koha item type |
|---|---|---|---|---|---|---|---|---|---|---|---|---|---|---|---|---|---|---|---|---|
| Dewey Decimal Classification | Baccah | Central Library | Central Library | First floor | 23/11/2016 | Purchase | 495.00 | 23587 | 1 | 8 | 615.718 DAG | 000034963 | 15/07/2025 | 22/03/2018 | 619.00 | Book - Borrowing |